Normal view
MARC view
- Lewis, Nigel C.
Entry Personal Name
001 - CONTROL NUMBER
- control field: 122039
003 - CONTROL NUMBER IDENTIFIER
- control field: NUST
005 - DATE AND TIME OF LATEST TRANSACTION
- control field: 20240308111023.0
008 - FIXED-LENGTH DATA ELEMENTS
- fixed length control field: 240308|| aca||aabn | a|a d
040 ## - CATALOGING SOURCE
- Original cataloging agency: NUST
- Transcribing agency: NUST
100 ## - HEADING--PERSONAL NAME
- Personal name: Lewis, Nigel C.
670 ## - SOURCE DATA FOUND
- Source citation: Work cat.: (NUST)0: Lewis, Nigel C., author., Design and order :
